| 000 | 00549nam a22002057a 4500 | ||
|---|---|---|---|
| 003 | UA-OsUOA | ||
| 001 | 42848 | ||
| 007 | ta | ||
| 008 | 20090323b un ||||| |||| 00| 0 ukr d | ||
| 100 | _aКічак І. | ||
| 090 |
_a94 (477) _bК46 |
||
| 942 | _cBKA | ||
| 040 |
_aUA-OsUOA _bukr _cUA-OsUOA _dUA-OsUOA |
||
| 245 |
_aУкраїна - не окраїна _bЗа червень 1994 р. Ч. 6 (555) |
||
| 955 | _a4 | ||
| 041 | _aukr | ||
| 080 | _a94 (477) | ||
| 650 | 7 |
_a9 Географія. Біографії. Історія _2UDC |
|
| 999 |
_c441322 _d441322 |
||